Efficient Solvers for Incompressible Flow Problems : An Algorithmic and Computational Approach. + CD-ROM

Salvato in:
Dettagli Bibliografici
Autore principale: Turek, Stefan (Autore)
Natura: Libro
Lingua:inglese
Pubblicazione: Berlin : Springer Verlag, 1999
Serie:Lecture Notes in Computational Science and Engineering 6
Tags: Aggiungi Tag
Nessun Tag, puoi essere il primo ad aggiungerne!!

MARC

LEADER 00000nam a22000003a 4500
001 stu75034
005 20150617225647.4
008 020314s1999----gw------------------eng-d
020 |a 3-540-65433-X 
040 |a STU  |b slo 
041 0 |a eng 
044 |a gw 
080 |a 519.7 
100 1 |a Turek, Stefan  |4 aut 
245 1 |a Efficient Solvers for Incompressible Flow Problems :  |b An Algorithmic and Computational Approach. + CD-ROM 
260 |a Berlin :  |b Springer Verlag,  |c 1999 
300 |a 352 s. Tab.,grafy,lit 
830 0 |a Lecture Notes in Computational Science and Engineering  |v 6 
996 |b C96814  |c C*96814  |l CCXVIII  |s P  |a 0  |w stu75034_0001